000 00667cam a22002293a 4500
001 10937
003 PGUSA
005 20140828083230.0
008 040201s2004||||xxu|||||s|||||000 | eng d
040 _aPGUSA
_beng
042 _adc
050 4 _aPB
245 1 4 _aThe Life of St. Mochuda of Lismore
_h[electronic resource]
260 _bProject Gutenberg,
_c2004
506 _aPublic domain in the USA.
516 _aElectronic text
653 _aCarthach, Saint, Bishop of Lismore, fl. 570-637 -- Legends
700 1 _aPower, P.
_q(Patrick),
_d1862-1951
830 0 _aProject Gutenberg
_v10937
856 4 0 _uhttp://www.gutenberg.org/ebooks/10937
942 _cEB
999 _c240192
_d240192